Loading...
| Current Events | 1 | 20.00 | 100% | 100% | 0% |
| Fine Arts - Classical Music | 8 | 22.50 | 100% | 88% | 38% |
| Fine Arts - Other | 9 | 10.00 | 78% | 11% | 11% |
| Fine Arts - Painting & Sculpture | 10 | 18.00 | 100% | 70% | 10% |
| Geography | 6 | 16.67 | 100% | 67% | 0% |
| History - American | 8 | 13.75 | 88% | 25% | 25% |
| History - European | 5 | 16.00 | 60% | 80% | 20% |
| History - Other | 8 | 10.00 | 63% | 38% | 0% |
| History - World | 10 | 10.00 | 90% | 10% | 0% |
| Literature - American | 4 | 7.50 | 75% | 0% | 0% |
| Literature - British | 8 | 11.25 | 100% | 13% | 0% |
| Literature - European | 9 | 12.22 | 89% | 33% | 0% |
| Literature - World | 9 | 8.89 | 67% | 22% | 0% |
| Mythology | 4 | 7.50 | 75% | 0% | 0% |
| Other Academic | 3 | 6.67 | 67% | 0% | 0% |
| Philosophy | 8 | 7.50 | 50% | 25% | 0% |
| Religion | 11 | 10.91 | 82% | 18% | 9% |
| Science - Biology | 5 | 10.00 | 100% | 0% | 0% |
| Science - Chemistry | 8 | 10.00 | 100% | 0% | 0% |
| Science - Other | 5 | 10.00 | 60% | 40% | 0% |
| Science - Physics | 9 | 13.33 | 100% | 33% | 0% |
| Social Science | 8 | 10.00 | 75% | 25% | 0% |